000 00706nam a22002417a 4500
999 _c33804
_d33804
001 3098
003 CO-MdFUSB
005 20180622073131.0
008 180503t1967 xxu||||| |||| 00| 0 eng d
040 _aCO-MdFUSB
_bspa
_cCO-MdFUSB
_dCO-MdFUSBC
_erda
041 0 _aeng
082 0 4 _aG 229.8 H478n
100 1 _aHelmbold, Andrew K.
_eautor
245 4 _aThe nag hammadi gnostic texts and the bible
_c/ Andrew K. Helmbold
264 4 _aGrand Rapids, Michigan :
_b Baker,
_c©1967
300 _a106 Pag.
336 _2rdacontent
_atexto
_btxt
337 _2rdamedia
_asin mediación
_bn
338 _2rdacarrier
_avolumen
_bnc
650 7 _aGnosticismo
_9220
653 _aCódices nag Hammadi
942 _cBK